000 00845nam a2200241 i 4500
001 36928
003 ES-MaACL
005 20251013210952.0
007 t|
008 030219s1965 sp 0001s spa d
100 1 _aPoyas, Thérèse.
_9140428
245 1 0 _aJean Cocteau o el misterio poético /
_cTherese Poyás.
260 _aMadrid :
_bAteneo :
_bEditora Nacional,
_c1965.
300 _a21 p. ;
_c20 cm.
490 1 _aColección Ateneo ;
_v26
594 _aConferencia pronunciada en el Ateneo de Madrid el día 10 de noviembre de 1964.
600 1 7 _aCocteau, Jean,
_d1889-1963-
_xCrítica e interpretación
_2
_9139403
610 2 4 _aAteneo de Madrid-
_vConferencias-
_y1940-1982.
_91908
710 2 _aAteneo de Madrid.
_91875
830 1 _aColección Ateneo ;
_v26
_9180032
852 4 _aES-MaACL
_jP-211-Ter
999 _c36928
_d36928